Effective Management Information Systems Accent on Current Practices
Salvato in:
| Autore principale: | |
|---|---|
| Natura: | Libro |
| Lingua: | inglese |
| Pubblicazione: |
Columbus
Merrill Publ. Co.
1987
|
| Edizione: | 2. ed. |
| Soggetti: | |
| Tags: |
Nessun Tag, puoi essere il primo ad aggiungerne!!
|
MARC
| LEADER | 00000nam a2200000 4500 | ||
|---|---|---|---|
| 001 | c010074 | ||
| 005 | 20221221074545.3 | ||
| 020 | |a 0-675-20745-2 | ||
| 041 | 0 | |a eng | |
| 044 | |a US | ||
| 245 | 1 | 0 | |a Effective Management Information Systems |b Accent on Current Practices |c Robert J. Thierauf |
| 250 | |a 2. ed. | ||
| 264 | 1 | |a Columbus |b Merrill Publ. Co. |c 1987 | |
| 300 | |a 611 s. | ||
| 610 | 2 | 0 | |a systémy informačné manažérske |
| 610 | 2 | 0 | |a systémy riadenia automatizované |
| 610 | 2 | 0 | |a systémy informačné |
| 610 | 2 | 0 | |a manažment |
| 610 | 2 | 0 | |a hardvér |
| 610 | 2 | 0 | |a softvér |
| 610 | 2 | 0 | |a systémy počítačové |
| 610 | 2 | 0 | |a programy počítačové |
| 610 | 2 | 0 | |a Lotus 1-2-3 |
| 100 | 1 | |a Thierauf, Robert J. | |